Stranger Things S1:E5 - Statistics

General Stats
  • This quiz has been taken 41 times
  • The average score is 8 of 20
Answer Stats
Hint Answer % Correct
Whose room does Hopper find at the Lab? Eleven's
74%
In Will's drawing of Will the Wise, the fireballs are green instead of red. What color is his robe? Green/Blue
74%
What animal do Nancy and Jonathan find when they're in the forest? A deer
71%
What animal did Lonnie get Jonathan to shoot just before his 10th birthday? A rabbit
68%
Where does Hopper find the bug? In the ceiling light
68%
In the flashback, Brenner asks Eleven to listen in on a man speaking. What language is he speaking? Russian
68%
Who does Joyce mistake Hopper for at her door? Lonnie
61%
What university does Jonathan want to go to? NYU
58%
What does Mr Clarke draw on to demonstrate interdimensional travel? A paper plate
55%
Who does Eleven throw in the air with her powers when two members of the group are fighting? Lucas
52%
What relation is Darlene to Joyce? Aunt
35%
What type of clothing did Nancy borrow from Karen for Cathy's birthday? Black Heels
35%
What is the name of the girl who cried at Will's funeral? Jennifer Hayes
35%
What movie does Steve want to watch with Nancy? All the right moves
19%
How many people went to Will's funeral (around the coffin, not at the reception)? 65
13%
Where did Dale and Henry go hunting? Kerley
13%
Nancy says she was thinking, "Jonathon Byers, maybe he's not the ___ ___ everyone says he is". Fill in the blank pretentious creep
10%
What is Hopper's ex's new husband's name? Bill
3%
What brand of vodka does Lonnie give to Joyce to calm her nerves? Kamchatka
3%
What legal company's leaflet does Joyce find in Lonnie's bag? Kohner
3%
No matching quizzes found
Score Distribution
Percent of People with Each Score
Percentile by Number Answered
Your Score History
You have not taken this quiz